000 00680nam a2200217Ii 4500
003 JO-AjNU
008 230606s9999||||xx |||||||||||||| ||und||
020 _a978-81-317-2819-2
040 _aJO-AjNU
_beng
_erda
_cJO-AjNU
041 _aeng
050 1 4 _aHM251.B435 2010
100 3 _aBaron,Robert A / Branscombe,Nyia R / Byrne,Donn / Bhardwaj,Gopa,
_eauthor
_91332
245 0 0 _aSocial Psychology
250 _a12th ed
264 3 1 _aDelhi : Pearson Education,2010
300 _a520p
_bIncludes glossary references(p457-520)
336 _atext
_btxt
_2rdacontent
337 _aunmediated
_bn
_2rdamedia
338 _avolume
_bnc
_2rdacarrier
650 4 _aSocial Psychology
_91333
999 _aE701
_c701
_d701